El abismo fiscal (Registro nro. 18382)

Detalles MARC
000 -LEADER
fixed length control field 00385 a2200121 4500
001 - CONTROL NUMBER
control field ART_42732
005 - DATE AND TIME OF LATEST TRANSACTION
control field 20260410161737.0
008 - FIXED-LENGTH DATA ELEMENTS--GENERAL INFORMATION
fixed length control field 260409a
100 1# - MAIN ENTRY--PERSONAL NAME
Personal name Botana, Natalio
245 10 - TITLE STATEMENT
Title El abismo fiscal
700 1# - ADDED ENTRY--PERSONAL NAME
Personal name Machinea, José Luis
773 0# - HOST ITEM ENTRY
Title Ejecutivos de finanzas
Related parts Ofertas públicas iniciales en la Argentina - Año 12, Nº 129 (sep. 1996)
Record control number REV2863

No hay ítems disponibles.